Catálogo

METEOROLOGY : (Registro nro. 50449)

Detalles MARC
000 -LEADER
fixed length control field 00789nam a2200193 a 4500
001 - CONTROL NUMBER
control field 50449
005 - DATE AND TIME OF LATEST TRANSACTION
control field 20180714035521.0
008 - FIXED-LENGTH DATA ELEMENTS--GENERAL INFORMATION
fixed length control field 140415d 000 0 eng d
020 ## - INTERNATIONAL STANDARD BOOK NUMBER
International Standard Book Number 0534372147
041 ## - LANGUAGE CODE
Language code of text/sound track or separate title eng
082 ## - DEWEY DECIMAL CLASSIFICATION NUMBER
Classification number 551.5
Item number STU
100 1# - MAIN ENTRY--PERSONAL NAME
Personal name STULL, ROLAND B.
245 10 - TITLE STATEMENT
Title METEOROLOGY :
Remainder of title FOR SCIENTIST AND ENGINEERS
250 ## - EDITION STATEMENT
Edition statement 2a ed.
260 ## - PUBLICATION, DISTRIBUTION, ETC.
Place of publication, distribution, etc. [s.l.] :
Name of publisher, distributor, etc. BROOKS/COLE,
Date of publication, distribution, etc. [s.f.]
300 ## - PHYSICAL DESCRIPTION
Extent 441
Dimensions 21.3 x 2.8 x 27.6
520 ## - SUMMARY, ETC.
Summary, etc. THIS TEXTBOOK PROVIDES UNDERGRADUATE STUDENTS WITH A PHYSICAL AND QUANTITATIVE BACKGROUND IN GENERAL METEOROLOGY. IT IS DESINED FOR SCIENCE AND ENGINEERING MAJORS IN THEIR FIRST OR SECOND YEAR IN UNIVERSITY, AND DOES NOT REQUIERE KNOWLEDGE OF CALCULUS OR DIFFERENTIAL EQUATIONS.
650 14 - SUBJECT ADDED ENTRY--TOPICAL TERM
Topical term or geographic name entry element CLIMATOLOGIA
General subdivision METEOROLOGIA
Existencias
Withdrawn status Lost status Source of classification or shelving scheme Damaged status Not for loan Collection code Home library Current library Shelving location Date acquired Source of acquisition Inventory number Total Checkouts Full call number Barcode Date last seen Price effective from Koha item type
    Dewey Decimal Classification     General Biblioteca Karol Wojtyla Biblioteca Karol Wojtyla Sala general 03/12/2013 Compra 151000000000000000000008   551.5 STU 75208 05/01/2026 03/03/2016 Libro